| 000 | 00924nam a2200301Ia 4500 | ||
|---|---|---|---|
| 001 | Para_6313 | ||
| 003 | CHAP | ||
| 008 | 220125s1981 xx 000 0 und d | ||
| 010 | _a205044 | ||
| 040 | _cCHAP | ||
| 090 | _aPA FOLLETO 406 | ||
| 100 |
_aFischer, Alberto _9164287 |
||
| 245 |
_aUn enfoque de sistemas para el control de malezas en frijol (Chapingo, 1980) / _c por Alberto Fischer, Javier Michimani, Armando Tasistro |
||
| 260 |
_aChapingo, Méx. : _b UACh |
||
| 300 | _a36 p. | ||
| 440 |
_aCircular técnica; 10 _9170985 |
||
| 650 |
_aFrijol _x malas hierbas _xcontrol _943402 |
||
| 650 |
_aMalas hierbas _x control _970011 |
||
| 700 |
_aMichimani, Javier _9170986 |
||
| 700 |
_aTasistro, Armando _9170987 |
||
| 901 | _aPA FOLLETO 406 | ||
| 902 | _aA | ||
| 905 | _a0000001981 0000000000 00 | ||
| 910 | _a1981 | ||
| 942 | _cPARA | ||
| 942 |
_cPARA _d1 |
||
| 999 |
_c205044 _d205044 |
||